Fundamentals of Earthquake-Resistant Construction / (Record no. 12866)
[ view plain ]
| 000 -LEADER | |
|---|---|
| fixed length control field | 01541pam a2200313 a 4500 |
| 001 - CONTROL NUMBER | |
| control field | 2031756 |
| 005 - DATE AND TIME OF LATEST TRANSACTION | |
| control field | 20030910183455.0 |
| 008 - FIXED-LENGTH DATA ELEMENTS--GENERAL INFORMATION | |
| fixed length control field | 920514s1993 nyua b 001 0 eng |
| 010 ## - LIBRARY OF CONGRESS CONTROL NUMBER | |
| LC control number | 92020059 |
| 020 ## - INTERNATIONAL STANDARD BOOK NUMBER | |
| International Standard Book Number | 0471839817 (cloth) |
| 040 ## - CATALOGING SOURCE | |
| Original cataloging agency | DLC |
| Transcribing agency | DLC |
| Modifying agency | DLC |
| 050 00 - LIBRARY OF CONGRESS CALL NUMBER | |
| Classification number | TA658.44 |
| Item number | .K75 1993 |
| 082 00 - DEWEY DECIMAL CLASSIFICATION NUMBER | |
| Classification number | 624.1762 |
| Edition number | 20 |
| Item number | KRI |
| 100 1# - MAIN ENTRY--PERSONAL NAME | |
| Personal name | Krinitzsky, E. L. |
| 9 (RLIN) | 9151 |
| 245 10 - TITLE STATEMENT | |
| Title | Fundamentals of Earthquake-Resistant Construction / |
| Statement of responsibility, etc | Ellis L. Krinitzsky, James P. Gould, Peter H. Edinger. |
| 260 ## - PUBLICATION, DISTRIBUTION, ETC. (IMPRINT) | |
| Place of publication, distribution, etc | New York : |
| Name of publisher, distributor, etc | Wiley, |
| Date of publication, distribution, etc | c1993. |
| 300 ## - PHYSICAL DESCRIPTION | |
| Extent | xxiii, 299 p. : |
| Other physical details | ill. maps ; |
| Dimensions | 25 cm. |
| 490 #0 - Series Statement | |
| Series statement | Wiley series of practical construction guides |
| 504 ## - BIBLIOGRAPHY, ETC. NOTE | |
| Bibliography, etc | Includes bibliographical references and index. |
| 650 #0 - SUBJECT ADDED ENTRY--TOPICAL TERM | |
| Topical term or geographic name as entry element | Earthquake resistant design. |
| 9 (RLIN) | 9152 |
| 700 1# - ADDED ENTRY--PERSONAL NAME | |
| Personal name | Gould, James P. |
| 9 (RLIN) | 9153 |
| 700 1# - ADDED ENTRY--PERSONAL NAME | |
| Personal name | Edinger, Peter H. |
| 9 (RLIN) | 9154 |
| 856 42 - ELECTRONIC LOCATION AND ACCESS | |
| Materials specified | Publisher description |
| Uniform Resource Identifier | <a href="http://www.loc.gov/catdir/description/wiley031/92020059.html">http://www.loc.gov/catdir/description/wiley031/92020059.html</a> |
| 856 4# - ELECTRONIC LOCATION AND ACCESS | |
| Materials specified | Table of Contents |
| Uniform Resource Identifier | <a href="http://www.loc.gov/catdir/toc/onix01/92020059.html">http://www.loc.gov/catdir/toc/onix01/92020059.html</a> |
| 942 ## - ADDED ENTRY ELEMENTS (KOHA) | |
| Source of classification or shelving scheme | Dewey Decimal Classification |
| Item type | Book - Borrowing |
| Withdrawn status | Item status | Source of classification or shelving scheme | Damaged status | Not for loan | Vendor | Home library | Current library | Shelving location | Date acquired | Source of acquisition | Total Checkouts | Total Renewals | Full call number | Barcode | Date last seen | Date last borrowed | Koha item type |
|---|---|---|---|---|---|---|---|---|---|---|---|---|---|---|---|---|---|
| Dewey Decimal Classification | Baccah | Central Library | Central Library | First floor | 04/11/2009 | 6 | 12 | 624.1762 KRI | 000018844 | 15/07/2025 | 29/10/2018 | Book - Borrowing | |||||
| Dewey Decimal Classification | Baccah | Central Library | Central Library | First floor | 04/11/2009 | 7 | 66 | 624.1762 KRI | 000018845 | 15/07/2025 | 29/05/2013 | Book - Borrowing |